000
00244nam a2200097Ia 4500
001
683285
005
20250826161435.0
008
250824s9999 xx 000 0 und d
245
0
_a
ÇANAKKALE RUHU
_c
HALİL ERSİN AVCI
260
_b
TİMAŞ YAYINLARI
999
_c
683285
_d
683285